000 00840nam a2200241 i 4500
001 125218
003 ES-MaACL
005 20230906192600.0
007 t|
008 070507s1936 sp ||||1| spa d
080 _a860-22"19"
100 1 _aRamos de Castro, Francisco.
_995304
245 1 0 _aMás bueno que el pan
_b: caricatura de comedia en tres actos y en prosa /
_cF. Ramos de Castro y Anselmo C. Carreño ; dibujos de Antonio Merlo.
260 _aMadrid :
_bRivadeneyra,
_c1936.
300 _a109 p. :
_bil. ;
_c17 cm.
490 1 _aLa Farsa ;
_v460
500 _aEstrenada en el Teatro Alkázar de Madrid el día 2 de julio de 1935.
700 1 _aCarreño, Anselmo C.
_935612
700 1 _aMerlo, Antonio.
_980579
830 0 _aLa Farsa ;
_v460
_9185863
852 _aES-MaACL
_j2226-F-11
_bR.140800
999 _c125218
_d125218